Normal view MARC view
  • Ullah, Sharif

Entry Personal Name

Number of records used in: 2

001 - CONTROL NUMBER

  • control field: 28352

003 - CONTROL NUMBER IDENTIFIER

  • control field: NUST

005 - DATE AND TIME OF LATEST TRANSACTION

  • control field: 20200208172018.0

008 - FIXED-LENGTH DATA ELEMENTS

  • fixed length control field: 200208|| aca||aabn | a|a d

040 ## - CATALOGING SOURCE

  • Original cataloging agency: NUST
  • Transcribing agency: NUST

100 ## - HEADING--PERSONAL NAME

  • Personal name: Ullah, Sharif

670 ## - SOURCE DATA FOUND

  • Source citation: Work cat.: (NUST): Ullah, Sharif, Synthesis and Characterization of MgO Nanoparticles by Modified Sonochmeical Methods and their Catalytic Studies against Organphosphates and Peaticides , 2013.
© 2023 Central Library, National University of Sciences and Technology. All Rights Reserved.